000 01277nam a2200217Ia 4500
003 Ost
005 20260507075619.0
008 260507s9999||||xx |||||||||||||| ||und||
020 _a9789931659884
040 _cfsecg
041 _aara
082 _a338.4791
100 _aموهوب، صالح
_eمؤلف
245 0 _aالإقتصاد السياحي :
_bمكانته العالم وفي الجزائر /
_c صالح موهوب
260 _aالجزائر:
_bالنشر الجامعي الجديد,
_c2020
300 _a222 صفحة؛
_bإيضاحات ؛
_c24 سم
504 _aالمراجع ص.211
520 _aتناول الكاتب الاقتصاد السياحي ومكانته في العالم وفي الجزائر من خلال أربعة فصول رئيسية كالآتي: (مدخل عالم للسياحة وتفاعلها مع المحيط، مفهوم السياحة الدولية ومكانتها في الاقتصاد العالمي، تشخيص لمراحل تطور السياحة الجزائرية ولوضعيتها الحالية،وفي الأخير قدم مقترحات لتنمية السياحة الجزائرية على المدى الطويل) .
653 _aالإقتصاد - السياحة - الجزائر
942 _cكتاب
999 _c45129
_d45129